Filmesek Szegeden [fénykép] /
Elmentve itt :
| Szerző: | |
|---|---|
| Dokumentumtípus: | Cikk |
| Megjelent: |
1969-07-03
|
| Sorozat: | Délmagyarország
59 No. 151 |
| Kulcsszavak: | Esztergályos Károly, Filmművészet magyar 1969, film |
| Online Access: | http://dmarchiv.bibl.u-szeged.hu/75426 |
| LEADER | 00502nab a2200157 i 4500 | ||
|---|---|---|---|
| 001 | delm75426 | ||
| 005 | 20180928084314.0 | ||
| 008 | 180928s1969 hu o 0|| hun d | ||
| 040 | |a SZTE Délmagyarország Archívum |b hun | ||
| 041 | |a hun | ||
| 100 | 1 | |a Somogyi Károlyné | |
| 245 | 1 | 0 | |a Filmesek Szegeden |h [elektronikus dokumentum] : |b [fénykép] / |c Somogyi Károlyné |
| 260 | |c 1969-07-03 | ||
| 300 | |a 5 | ||
| 490 | 0 | |a Délmagyarország |v 59 No. 151 | |
| 695 | |a Esztergályos Károly, Filmművészet magyar 1969, film | ||